000 00193nam a2200085Ia 4500
008 211105s9999 xx 000 0 und d
020 _a"
100 _a BILSON, F.
_9121329
245 0 _aCROSSBOWS
999 _c584475
_d584474